Новинки от НПГ "Алтек": для удобства и достоверности УЗК; В мире неразрушающего контроля; № 3

Bibliografiset tiedot
Parent link:В мире неразрушающего контроля: Ежеквартальное журнальное обозрение.— , 2001-.— 1609-3178
№ 3.— 2006.— С. 54-58
Päätekijä: Молотков С. Л.
Muut tekijät: Курков А. В., Прохоров С. О.
Kieli:venäjä
Julkaistu: 2006
Sarja:Ультразвуковой контроль
Aiheet:
Aineistotyyppi: Kirjan osa
KOHA link:https://koha.lib.tpu.ru/cgi-bin/koha/opac-detail.pl?biblionumber=403574

MARC

LEADER 00000naa2a2200000 4500
001 403574
005 20231101065933.0
035 |a (RuTPU)RU\TPU\prd\49947 
090 |a 403574 
100 |a 20070329a2006 k y0rusy50 ca 
101 0 |a rus 
102 |a RU 
200 1 |a Новинки от НПГ "Алтек": для удобства и достоверности УЗК  |f С. Л. Молотков, А. В. Курков, С. О. Прохоров 
225 1 |a Ультразвуковой контроль 
320 |a Библиогр.: 2 назв. 
461 0 |0 (RuTPU)RU\TPU\prd\1155  |x 1609-3178  |t В мире неразрушающего контроля  |o Ежеквартальное журнальное обозрение  |d 2001- 
463 0 |0 (RuTPU)RU\TPU\prd\47065  |t № 3  |v С. 54-58  |d 2006 
610 1 |a ультразвуковые дефектоскопы 
610 1 |a автоматизированные комплексы 
610 1 |a выставки 
610 1 |a специализированные выставки 
610 1 |a временная регулировка чувствительности 
700 1 |a Молотков  |b С. Л. 
701 1 |a Курков  |b А. В. 
701 1 |a Прохоров  |b С. О. 
801 1 |a RU  |b 63413507  |c 20070329  |g PSBO 
942 |c BK